C'est Pixar ? #2 - Statistiques

Statistiques générales
  • Ce quiz a été pris 833 fois
  • Le résultat moyen est 13 sur 16
Statistiques - réponses
Question Tuile Select % Correct
Ces Classiques Disney sont-ils des Pixar ? Tarzan Non
96%
Ces Classiques Disney sont-ils des Pixar ? Hercule Non
95%
Ces Classiques Disney sont-ils des Pixar ? Cars Oui
94%
Ces Classiques Disney sont-ils des Pixar ? La Fée Clochette Non
94%
Ces Classiques Disney sont-ils des Pixar ? Toy Story 2 Oui
94%
Ces Classiques Disney sont-ils des Pixar ? Clochette et le Secret des Fées Non
93%
Ces Classiques Disney sont-ils des Pixar ? Monstres Academy Oui
89%
Ces Classiques Disney sont-ils des Pixar ? Là-Haut Oui
88%
Ces Classiques Disney sont-ils des Pixar ? La Ferme se rebelle Non
87%
Ces Classiques Disney sont-ils des Pixar ? Le Monde de Nemo Oui
80%
Ces Classiques Disney sont-ils des Pixar ? 1001 Pattes Oui
68%
Ces Classiques Disney sont-ils des Pixar ? Ralph 2.0 Non
67%
Ces Classiques Disney sont-ils des Pixar ? Le Voyage d'Arlo Oui
62%
Ces Classiques Disney sont-ils des Pixar ? Planes 2 Non
59%
Ces Classiques Disney sont-ils des Pixar ? Volt, Star malgré lui Non
59%
Ces Classiques Disney sont-ils des Pixar ? Rebelle Oui
55%
Aucun quiz correspondant
Distribution des résultats
% des personnes avec chaque résultat
Percentile par nombre de réponses
Votre historique - résultats
Vous n’avez pas pris ce quiz